[Event "1st Lanzarote it"]
[Site "Lanzarote ESP"]
[Date "1973.04.24"]
[Round "1"]
[White "Andersson, Ulf"]
[Black "Visier Segovia, Fernando"]
[Result "1-0"]
[WhiteElo "2535"]
[BlackElo "2365"]
[EventDate "1973.04.24"]
[PlyCount "85"]

1.e4 c5 2.Nf3 e6 3.Nc3 a6 4.g3 Nc6 5.Bg2 Nf6 6.O-O Qc7 7.Re1 d6 8.d4 cxd4 
9.Nxd4 Nxd4 10.Qxd4 Bd7 11.e5 dxe5 12.Rxe5 Rd8 13.Bf4 Bd6 14.Rd1 Bc6 15.
Rg5 Bxf4 16.Bxc6+ Ke7 17.Qxf4 Qxf4 18.gxf4 Rxd1+ 19.Nxd1 bxc6 20.Rxg7 Nh5 
21.Rg4 Rd8 22.Ne3 Rd4 23.f5 Rxg4+ 24.Nxg4 exf5 25.Ne5 c5 26.Kg2 Nf4+ 27.
Kf3 Ng6 28.Nd3 Kd6 29.Ke3 f6 30.h3 Kc6 31.Nf4 Ne7 32.b3 Kd6 33.a3 Ke5 34.
Nd3+ Kd6 35.Kf4 Kd5 36.b4 c4 37.Nc5 Kd4 38.Nxa6 Kc3 39.b5 Kxc2 40.Nb4+ Kb3
41.b6 Ng6+ 42.Kxf5 Ne5 43.Ke6 {[Fuente: Megabase CHESSBASE 2011. (2010, 
cdigo fuente EXT2001). Seleccin de partidas de "Lanzarote" 1973. Base de 
datos y software Chessbase Matrimony. Hamburgo, Alemania. ]} 1-0

[Event "1st Lanzarote it"]
[Site "Lanzarote ESP"]
[Date "1973.04.24"]
[Round "1"]
[White "Kavalek, Lubomir"]
[Black "Calvo Minguez, Ricardo"]
[Result "1-0"]
[WhiteElo "2555"]
[BlackElo "2330"]
[EventDate "1973.04.24"]
[PlyCount "131"]

{[ Ernesto Solana (21-09-2016): Esta partida aparece en algunas bases de 
datos ((incluyendo la mega base comercial CHESSBASE 2014, cdigo EXT 2001 
<Rafael Santana, 09-10-2017, VEN>)) con otro orden de jugadas en la 
apertura, y adems cortada en la jugada 28, cuando dur en realidad 66 
movimientos. La versin que sigue es la autntica. ]} 
1.c4 Nf6 2.Nf3 g6 3.Nc3 d6 4.d4 Bg7 5.g3 O-O 6.Bg2 Nc6 7.O-O a6 8.d5 Na5 
9.b3 c5 10.dxc6 bxc6 11.Bb2 Rb8 12.Qd2 Bg4 13.h3 Bxf3 14.Bxf3 Nd7 15.Bg2 
Ne5 16.Rab1 f5 17.Na4 Qc7 18.Bc3 Nb7 19.f4 Nd7 20.e4 Bxc3 21.Nxc3 a5 22.
Rbe1 Rbe8 23.exf5 gxf5 24.Ne2 Ndc5 25.Nd4 Nd8 26.g4 fxg4 27.hxg4 e6 28.f5 
Kh8 29.fxe6 Rxf1+ 30.Rxf1 Ncxe6 31.Re1 Ng7 32.Rxe8+ Nxe8 33.Nf5 Nf7 34.
Qd4+ Ne5 35.c5 dxc5 36.Qxc5 Kg8 37.g5 Kf7 38.Nh6+ Kg7 39.Kh1 Nf6 40.gxf6+ 
Kxh6 41.Qf8+ {[Ernesto Solana (21-09-2016): La partida se aplaz despus del
primer control de tiempo, pero en el boletn no se indica en qu movimiento 
exacto. ]} 41...Kh5 42.Qe7 Qb8 43.Qxh7+ Kg5 44.Qg7+ Ng6 45.Be4 Qh8+ 46.Kg2
Qh5 47.Bf3 Qh4 48.f7 Qf4 49.Kf2 Qd2+ 50.Be2 Qf4+ 51.Ke1 Qc1+ 52.Bd1 Qe3+ 
53.Kf1 Qf4+ 54.Ke2 Qf6 55.Qxf6+ Kxf6 56.Ke3 Nf8 57.Bh5 Ke5 58.Kd3 Nd7 59.
Bg4 Nf8 60.Kc4 Kd6 61.b4 Ng6 62.Bh5 Ne5+ 63.Kd4 Nd7 64.Bg4 Nf8 65.bxa5 c5+
66.Kc4 {[Partida tipeada y digitalizada por Ernesto Solana (21-09-2016, 
Canarias, ESP) de la fuente primaria: BOLETN OFICIAL DEL I TORNEO 
INTERNACIONAL DE AJEDREZ CIUDAD DE ARRECIFE DE LANZAROTE. (1973, partida 
nmero 5, pgina 3). Federacin Provincial de Ajedrez de Gran Canaria. Espaa.
]} 1-0

[Event "1st Lanzarote it"]
[Site "Lanzarote ESP"]
[Date "1973.04.24"]
[Round "1"]
[White "Menvielle Lacourrelle, Augusto"]
[Black "Huguet, Bernard"]
[Result "1-0"]
[WhiteElo "2365"]
[BlackElo "2255"]
[EventDate "1973.04.24"]
[PlyCount "81"]

1.e4 c5 2.Nf3 Nc6 3.d4 cxd4 4.Nxd4 d6 5.Nc3 g6 6.Be3 Bg7 7.Bc4 Nf6 8.f3 
Bd7 9.Bb3 Qa5 10.Qd2 O-O 11.O-O-O Rfc8 12.Kb1 Ne5 13.Bh6 Nc4 14.Bxc4 Rxc4 
15.Nd5 Qd8 16.Bxg7 Kxg7 17.Nxf6 exf6 18.g4 Rac8 19.h4 Qe7 20.g5 R4c5 21.
Qh2 Qe5 22.f4 Qxe4 23.Rhe1 Qd5 24.gxf6+ Kxf6 25.Nb3 Qc6 26.Nxc5 Qxc5 27.
Qd2 Rc6 28.Qd4+ Qxd4 29.Rxd4 Be6 30.b3 Kf5 31.c4 Kg4 32.Rg1+ Kf3 33.Kb2 
Rc5 34.Rf1+ Kg3 35.Rxd6 Rh5 36.Rd3+ Kg2 37.Rc1 Kf2 38.Rc2+ Ke1 39.Kc1 Bg4 
40.Rg3 Be2 41.Re3 {[Partida tipeada y digitalizada por Ernesto Solana 
(21-09-2016, Canarias, ESP) de la fuente primaria: BOLETN OFICIAL DEL I 
TORNEO INTERNACIONAL DE AJEDREZ CIUDAD DE ARRECIFE DE LANZAROTE. (1973, 
partida nmero 4, pgina 2). Federacin Provincial de Ajedrez de Gran 
Canaria. Espaa. ]} 1-0

[Event "1st Lanzarote it"]
[Site "Lanzarote ESP"]
[Date "1973.04.25"]
[Round "2"]
[White "Huguet, Bernard"]
[Black "Kavalek, Lubomir"]
[Result "0-1"]
[WhiteElo "2255"]
[BlackElo "2555"]
[EventDate "1973.04.24"]
[PlyCount "88"]

1.e4 c5 2.Nf3 e6 3.d4 cxd4 4.Nxd4 a6 5.Nc3 b5 6.g3 b4 7.Na4 Bb7 8.Bg2 Nf6 
9.Qe2 d5 10.exd5 Bxd5 11.Bxd5 Qxd5 12.Qf3 Nbd7 13.O-O Rc8 14.Qxd5 Nxd5 15.
Re1 Be7 16.b3 O-O 17.Bb2 Bf6 18.Rac1 Nc5 19.Nxc5 Rxc5 20.Re2 Rfc8 21.Kf1 
Rd8 22.Rd2 Nc3 23.Nf3 Rxd2 24.Nxd2 Nxa2 25.Ra1 Rxc2 26.Rxa2 Rxb2 27.Rxb2 
Bxb2 28.Ke2 f5 29.Kd3 Kf7 30.Kc4 Bc3 31.Nf1 g5 32.f3 f4 33.g4 Kf6 34.h3 
Ke5 35.Nh2 Kd6 36.Nf1 e5 37.Nh2 a5 38.Nf1 Be1 39.Nh2 Bd2 40.Nf1 Bc1 41.Nh2
Ke6 42.Nf1 e4 43.fxe4 f3 44.Kd4 Bf4 {[Partida tipeada y digitalizada por 
Ernesto Solana (21-09-2016, Canarias, ESP) de la fuente primaria: BOLETN 
OFICIAL DEL I TORNEO INTERNACIONAL DE AJEDREZ CIUDAD DE ARRECIFE DE 
LANZAROTE. (1973, partida nmero 6, pgina 3). Federacin Provincial de 
Ajedrez de Gran Canaria. Espaa. ]} 0-1

[Event "1st Lanzarote it"]
[Site "Lanzarote ESP"]
[Date "1973.04.25"]
[Round "2"]
[White "Ljubojevic, Ljubomir"]
[Black "Menvielle Lacourrelle, Augusto"]
[Result "1-0"]
[WhiteElo "2550"]
[BlackElo "2365"]
[EventDate "1973.04.24"]
[PlyCount "45"]

1.e4 c5 2.Nf3 Nf6 3.e5 Nd5 4.Nc3 e6 5.Nxd5 exd5 6.d4 Nc6 7.dxc5 Bxc5 8.
Qxd5 Qb6 9.Bc4 Bxf2+ 10.Ke2 O-O 11.Rf1 Bc5 12.c3 Ne7 13.Qe4 Qc6 14.Ng5 Qh6
15.Nxf7 Qh5+ 16.Qf3 Qxf3+ 17.Rxf3 Ng6 18.Nd6+ Kh8 19.Rxf8+ Nxf8 20.Be3 
Bxd6 21.exd6 b6 22.Rf1 Bb7 23.Rf7 {[Fuente: Megabase CHESSBASE 2011. 
(2010, cdigo fuente EXT2001). Seleccin de partidas de "Lanzarote" 1973. 
Base de datos y software Chessbase Matrimony. Hamburgo, Alemania. ]} 1-0

[Event "1st Lanzarote it"]
[Site "Lanzarote ESP"]
[Date "1973.04.25"]
[Round "2"]
[White "Saidy, Anthony"]
[Black "Andersson, Ulf"]
[Result "0-1"]
[WhiteElo "2425"]
[BlackElo "2535"]
[EventDate "1973.04.24"]
[PlyCount "69"]

1.c4 g6 2.d4 Nf6 3.Nc3 Bg7 4.e4 d6 5.f3 {[Las blancas se deciden por el 
"ataque Smisch", con el que se fortalece el centro para atacar en los 
flancos. ]} 5...Nc6 {[Una elstica idea del gran maestro sovitico Taimanov,
con la cual las negras pretenden retrasar el enroque e iniciar, 
previamente, un activo plan sobre el flanco de dama y en centro. ]} 6.Be3 
a6 7.Nge2 {[El plan ms popular, con el que Spassky bati en espectacular 
partida a Korchnoi hace algunos aos. Las blancas cuidan especialmente el 
control de su casilla "d4", evitando que, despus de pen negro a r5 y pen 
blanco a d5, el caballo negro pueda instalarse en ella, en condiciones 
satisfactorias. ]} 7...Rb8 {[Andersson sigue con el plan temtico, 
preparando su reaccin en el flanco de dama, a base del avance de pen a 
"b5". ]} 8.Nc1 {[Controla el punto "b5" a la vez que el caballo se dispone
a situarse en "b3", para seguir controlando la casilla de "d4". Todo, 
pues, sigue patrones muy conocidos. ]} 8...e5 {[La reaccin en el centro, 
tambin dentro del plan general de esta variante. ]} 9.Nb3 ( {Si} 9.d5 Nd4 
$1 10.Bxd4 exd4 11.Qxd4 O-O {con la amenaza Cxe4!, combinada con Te8. ]} )
9...exd4 {[Ahora si hay que tomar medidas contra 10.d5. ]} 10.Nxd4 O-O 11.
Be2 Nxd4 12.Bxd4 b5 $1 {[Antes de que las blancas pongan en seguridad a su
rey, el joven gran maestro sueco inicia las complicaciones tcticas, al 
realizar esta ruptura temtica, que da un fuerte impulso a la lucha. ]} 13.
cxb5 ( {Si} 13.c5 {, rehuyendo las complicaciones, seguira} 13...b4 {y, 
entonces, si} 14.Na4 ( {O bien} 14.Nd5 Nxd5 $1 {, daran buenas 
perspectivas a las negras; por ejemplo:} 15.Bxg7 $2 ( {Y si} 15.exd5 dxc5 
$1 {, ganando un pen.} ) 15...Ne3 $1 16.Qd2 Nxg2+ {, seguido de Rxg7.} ) 
14...Bd7 $1 ) 13...axb5 14.O-O ( {Muy peligrosa sera la captura del pen; 
en efecto, si} 14.Bxb5 c5 $1 15.Be3 Nxe4 $1 16.fxe4 Bxc3+ 17.bxc3 Rxb5 18.
O-O Bb7 {y el pen de la columna "e" sera muy vulnerable.} ) ( {Observemos 
que fallara} 14.Nxb5 c5 15.Be3 {, debido a} 15...Rxb5 $1 16.Bxb5 Qa5+ {, 
que ganara una pieza.} ) 14...c5 $1 15.Bxf6 ( {Siempre es triste 
desprenderse de este alfil, que deja las casillas negras en dominio 
enemigo, pero, si} 15.Be3 b4 16.Nb1 Qe7 {, las negras tendran excelente 
juego, igualmente, al no servir} 17.Nd2 {, por} 17...Nd5 $1 ( 17...d5 {, 
tambin es prometedora.} ) 18.Bf2 Nf4 {, con posicin dominante de las 
negras.} ) 15...Qxf6 16.Rb1 ( {No serva} 16.Nxb5 Qxb2 $1 17.Rb1 Qxa2 {con 
fuerte presin negra.} ) ( {Ni} 16.Bxb5 $2 Qd4+ $1 {, seguido de Dxd1 y 
Axc3, que ganara una pieza.} ) 16...Bd7 {[Con su fuerte par de alfiles y 
el control que ejerce el alfil del flanco rey, especialmente, las negras 
tienen clara ventaja posicional, al aadir a ello su mayor espacio, por la 
agresiva situacin de sus penoes del flanco de dama. ]} 17.Qc2 Rfe8 18.Rfd1
Bc6 19.Kh1 ( {Si} 19.Nd5 Qd8 {, con la amenaza Ad4+, y luego Axd5.} ) 
19...Re5 $1 20.Qd2 {[Presionando sobre el pen dbil del negro. ]} 20...b4 
$1 21.Qxd6 ( {Si} 21.Nd5 Bxd5 22.exd5 Qe7 ( {O an} 22...Rh5 {, que 
planteara la amenaza 23... Txh2+ 24.Rxh2 Dh5+ 25.Rg1, Ad4+, ganando, y las
negras podran elegir entre seguir con la presin posicional --primer caso--
a emprender directamente el ataque.} ) ) 21...Qxd6 22.Rxd6 bxc3 $1 23.Rxc6
Bh6 $3 {[La clave de la maniobra negra: el pen avanzado se convertir en el
factor decisivo de su victoria; ahora amenazaba pen a "c2" y su coronacin 
directa.} 24.Bd1 Be3 $1 25.b4 Re7 $1 26.Ba4 ( {Si} 26.Rd6 {, para evitar 
Td7, seguira ...Teb7, para penetrar con las torres por esta columna.} ) 
26...Ra7 27.Bb3 Rxb4 $1 {[Muy superior a ...cxb4, al activar el ataque en 
apoyo del pen pasado. ]} 28.Re1 Rxb3 $1 {[Decisivo sacrificio de la 
calidad, que elimina la pieza que controlaba el pen. ]} 29.axb3 c2 30.b4 
Rd7 $1 {[Y las blancas abandonaron, indefensas contra 31...Td1. ] [ 
Comentarios: Romn Torn (AJEDREZ CANARIO, Junio 1973). || Fuente: Revista 
AJEDREZ CANARIO. (Junio 1973, nmero 23, pginas 325-332). Seleccin de 
partidas del 1er Torneo Internacional "Ciudad de Arrecife de Lanzarote" 
1973. Publicacin editada por la Caja Insular de Ahorros de Gran Canaria. 
Las Palmas, isla de Gran Canaria, Espaa. ]} 0-1

[Event "1st Lanzarote it"]
[Site "Lanzarote ESP"]
[Date "1973.04.25"]
[Round "2"]
[White "Visier Segovia, Fernando"]
[Black "Ribli, Zoltan"]
[Result "0-1"]
[WhiteElo "2365"]
[BlackElo "2505"]
[EventDate "1973.04.24"]
[PlyCount "48"]

1.c4 g6 2.Nc3 c5 3.g3 Bg7 4.Bg2 Nc6 5.d3 e6 6.Nh3 Nge7 7.Nf4 a6 8.Bd2 Rb8 
9.Rb1 b5 10.cxb5 axb5 11.Ne4 d6 12.a3 e5 13.Nh3 f5 14.Nc3 d5 15.Bg5 h6 16.
Bxe7 Nxe7 17.e3 O-O 18.b4 d4 19.exd4 cxd4 20.Qb3+ Kh8 21.Ne2 g5 22.f4 exf4
23.gxf4 g4 24.Ng5 hxg5 {[Partida tipeada y digitalizada por Ernesto Solana
(21-09-2016, Canarias, ESP) de la fuente primaria: BOLETN OFICIAL DEL I 
TORNEO INTERNACIONAL DE AJEDREZ CIUDAD DE ARRECIFE DE LANZAROTE. (1973, 
partida nmero 9, pgina 4). Federacin Provincial de Ajedrez de Gran 
Canaria. Espaa. ]} 0-1

[Event "1st Lanzarote it"]
[Site "Lanzarote ESP"]
[Date "1973.04.26"]
[Round "3"]
[White "Calvo Minguez, Ricardo"]
[Black "Huguet, Bernard"]
[Result "1-0"]
[WhiteElo "2330"]
[BlackElo "2255"]
[EventDate "1973.04.24"]
[PlyCount "49"]

1.e4 e5 2.Nc3 Nf6 3.Bc4 Bc5 4.d3 h6 5.Be3 Bxe3 6.fxe3 O-O 7.Nf3 d6 8.Qe2 
c6 9.O-O Qe7 10.Nh4 d5 11.Bb3 Na6 12.exd5 cxd5 13.e4 dxe4 14.Ng6 Qc5+ 15.
Kh1 exd3 16.cxd3 Re8 17.Ne4 Qb6 18.Nxf6+ gxf6 19.Qh5 Qe3 20.Nf4 exf4 21.
Qg6+ Kh8 22.Qxh6+ Kg8 23.Qg6+ Kh8 24.Bxf7 Bf5 25.Qh6+ {[Fuente: Megabase 
CHESSBASE 2011. (2010, cdigo fuente EXT2001). Seleccin de partidas de 
"Lanzarote" 1973. Base de datos y software Chessbase Matrimony. Hamburgo, 
Alemania. ]} 1-0

[Event "1st Lanzarote it"]
[Site "Lanzarote ESP"]
[Date "1973.04.26"]
[Round "3"]
[White "Kavalek, Lubomir"]
[Black "Ljubojevic, Ljubomir"]
[Result "1-0"]
[WhiteElo "2555"]
[BlackElo "2550"]
[EventDate "1973.04.24"]
[PlyCount "121"]

1.e4 Nf6 2.e5 Nd5 3.d4 d6 4.Nf3 Bf5 5.Bd3 Qd7 6.O-O Nb4 7.Bxf5 Qxf5 8.c3 
Nc2 9.Nh4 Qe4 10.Nd2 Qd3 11.Rb1 dxe5 12.Ndf3 Nb4 13.Bd2 N4c6 14.Qb3 b5 15.
Nxe5 Nxe5 16.dxe5 e6 17.Nf3 Nc6 18.a4 b4 19.Qd1 Rb8 20.cxb4 Nxb4 21.Qc1 
Qd7 22.Bxb4 Bxb4 23.Rd1 Qxa4 24.Ra1 Qb5 25.Nd4 Qb6 26.Qc6+ Kf8 27.Ra6 Qb7 
28.Nxe6+ fxe6 29.Qxb7 Rxb7 30.Rd8+ Kf7 31.Rxh8 Bc3 32.g3 Bxb2 33.Rxh7 Bxe5
34.Rh4 Bd6 35.Kg2 Bc5 36.Ra5 Bb4 37.Rf4+ Ke7 38.Rg5 Bc3 39.Rc4 Bf6 40.Ra5 
Kd6 41.Rca4 c5 42.Rxa7 Rb2 43.Ra2 Rb1 44.R2a6+ Kd5 45.Rd7+ Kc4 46.Rxe6 Bd4
47.Re4 Kc3 48.h4 Rb2 49.Rf4 Rb4 50.h5 Kc2 51.Rd5 Kb3 52.g4 Bc3 53.Kf3 c4 
54.Rc5 Bb2 55.Ke2 Ra4 56.Re4 Bc1 57.f4 Kc3 58.Kf3 Bb2 59.g5 Kd3 60.Rd5+ 
Kc2 61.Kg4 {[Fuente: Megabase CHESSBASE 2011. (2010, cdigo fuente 
EXT2001). Seleccin de partidas de "Lanzarote" 1973. Base de datos y 
software Chessbase Matrimony. Hamburgo, Alemania. ]} 1-0

[Event "1st Lanzarote it"]
[Site "Lanzarote ESP"]
[Date "1973.04.26"]
[Round "3"]
[White "Ribli, Zoltan"]
[Black "Saidy, Anthony"]
[Result "1/2-1/2"]
[WhiteElo "2505"]
[BlackElo "2425"]
[EventDate "1973.04.24"]
[PlyCount "106"]

1.Nf3 Nf6 2.g3 g6 3.c4 Bg7 4.d4 c6 5.Bg2 d5 6.O-O O-O 7.Nbd2 Bf5 8.b3 Ne4 
9.Bb2 Nxd2 10.Nxd2 Na6 11.a3 Qd7 12.b4 dxc4 13.Nxc4 Bh3 14.Bxh3 Qxh3 15.
Qb3 Qe6 16.e3 Rfd8 17.Rac1 Rd7 18.Qa4 Nc7 19.Na5 Nd5 20.Qb3 f5 21.Rc2 a6 
22.Qd3 Qf7 23.Qe2 Nb6 24.Rb1 Re8 25.f4 Qd5 26.Ba1 e6 27.Nb3 Rc7 28.Nc5 Nd7
29.a4 Nxc5 30.Rxc5 Qe4 31.Rbc1 Rd7 32.Kf2 Rd5 33.Qc2 Qxc2+ 34.R5xc2 Ra8 
35.Bc3 Kf7 36.h3 Ke8 37.g4 Bf6 38.Kf3 Bd8 39.Rb1 Kd7 40.Rg2 Kc8 41.Rgb2 
Be7 42.g5 Kd7 43.h4 h5 44.gxh6 Rh8 45.b5 axb5 46.axb5 Rxb5 47.Rxb5 cxb5 
48.Rxb5 Rxh6 49.Rxb7+ Ke8 50.Be1 Bxh4 51.Bxh4 Rxh4 52.Ke2 Kf8 53.Kd3 Rh1 {
[RR: En algunas bases de datos pblicas y privadas de ajedrez, esta partida
aparece cortada y con otro orden de jugadas en la apertura. La presente 
versin ha sido transcrita y digitalizada del Boletn Oficial del Torneo por
Ernesto Solana (21-09-2016, Canarias, ESP) || Fuente: BOLETN OFICIAL DEL I
TORNEO INTERNACIONAL DE AJEDREZ CIUDAD DE ARRECIFE DE LANZAROTE. (1973, 
partida nmero 11, pgina 4). Federacin Provincial de Ajedrez de Gran 
Canaria. Espaa. ]} 1/2-1/2

[Event "1st Lanzarote it"]
[Site "Lanzarote ESP"]
[Date "1973.04.27"]
[Round "4"]
[White "Andersson, Ulf"]
[Black "Ribli, Zoltan"]
[Result "1/2-1/2"]
[WhiteElo "2535"]
[BlackElo "2505"]
[EventDate "1973.04.24"]
[PlyCount "33"]

1.Nf3 g6 2.c4 Bg7 3.e4 e5 4.d4 exd4 5.Nxd4 Nf6 6.Nc3 O-O 7.Be2 Re8 8.f3 c6
9.Bg5 h6 10.Bh4 d5 11.exd5 cxd5 12.O-O Nc6 13.Bf2 Nxd4 14.Bxd4 dxc4 15.
Bxc4 Be6 16.Bxe6 Rxe6 17.Bf2 {[Partida tipeada y digitalizada por Ernesto 
Solana (21-09-2016, Canarias, ESP) de la fuente primaria: BOLETN OFICIAL 
DEL I TORNEO INTERNACIONAL DE AJEDREZ CIUDAD DE ARRECIFE DE LANZAROTE. 
(1973, partida nmero 20, pgina 6). Federacin Provincial de Ajedrez de Gran
Canaria. Espaa. ]} 1/2-1/2

[Event "1st Lanzarote it"]
[Site "Lanzarote ESP"]
[Date "1973.04.27"]
[Round "4"]
[White "Ljubojevic, Ljubomir"]
[Black "Calvo Minguez, Ricardo"]
[Result "1-0"]
[WhiteElo "2550"]
[BlackElo "2330"]
[EventDate "1973.04.24"]
[PlyCount "35"]

1.e4 e5 2.Nf3 Nc6 3.Bb5 Nf6 4.O-O Nxe4 5.Re1 Nd6 6.Nxe5 Be7 ( {Tambin se 
puede jugar} 6...Nxe5 7.Rxe5+ Be7 8.Nc3 O-O $142 {, y si} ( 8...Nxb5 $2 {
es un conocido error:} 9.Nd5 O-O 10.Nxe7+ Kh8 11.Qh5 $1 g6 ( 11...Re8 $4 
12.Qxh7+ $3 Kxh7 13.Rh5# ) 12.Qh6 Nd6 13.Rh5 $3 gxh5 14.Qf6# ) 9.Nd5 $6 
Bf6 {, sin problemas.} ) 7.Qh5 {Apenas hay partidas con esta jugada, por 
lo que tal vez fuera una improvisacin del momento.} ( 7.Bf1 {es la jugada 
ms empleada por la lite mundial hoy en da.} ) 7...Nxe5 8.Qxe5 Nxb5 $4 {Una
decisin difcil de justificar, especialmente contra un jugador con la 
"pegada tctica" de Ljubojevic.} ( {Sobre todo porque despus de} 8...O-O 9.
Qxe7 Nxb5 $11 {, las blancas habran conseguido muy poco, y los alfiles de 
diferente color marcaran una fuerte tendencia a las tablas.} ) 9.Qxg7 Rf8 
10.a4 Nd6 11.Nc3 Nf5 $2 {Precipita la derrota.} ( {De todos modos, si} 
11...c6 12.Qxh7 $40 {, con un ataque persistente que condenara a las 
negras.} ) 12.Nd5 $18 f6 13.Qxh7 d6 14.Qg6+ {[Comentarios: FM Ernesto 
Solana. (Blog EXPLORACIONES INTROVERSAS, 2016). || Fuente 1: BOLETN 
OFICIAL DEL I TORNEO INTERNACIONAL DE AJEDREZ CIUDAD DE ARRECIFE DE 
LANZAROTE. (1973, partida nmero 16, pgina 5) . Federacin Provincial de 
Ajedrez de Gran Canaria. Espaa. /\ Fuente 2: Solana, Ernesto. Coleccin de 
partidas digitalizadas del Torneo Internacional de Lanzarote 1973. Blog 
EXPLORACIONES INTROVERSAS. (01-10-2016). Ricardo Moyano 
(Editor/Webmaster). Espacio virtual oriundo de Espaa. Base de datos PGN 
disponible para descarga en la direccin http://nemogc.blogspot.com/2016/ 
10/i-torneo-de-ajedrez-internacional.html ]} ( {Ernesto Solana 
(21-09-2016): Una versin apcrifa en algunas bases de datos (incluyendo la 
megabase comercial CHESSBASE: cdigo fuente EXT 2001) "adorna" la partida 
hasta el mate, pero en realidad el juego termin en el decimocuarto 
movimiento de las blancas:} 14.Qg6+ {. Si} 14...Rf7 15.Nxf6+ Kf8 16.Qg8# )
1-0

[Event "1st Lanzarote it"]
[Site "Lanzarote ESP"]
[Date "1973.04.27"]
[Round "4"]
[White "Visier Segovia, Fernando"]
[Black "Menvielle Lacourrelle, Augusto"]
[Result "1/2-1/2"]
[WhiteElo "2365"]
[BlackElo "2365"]
[EventDate "1973.04.24"]
[PlyCount "34"]

1.g3 c5 2.Bg2 d5 3.c4 e6 4.Nf3 Nc6 5.O-O Nf6 6.cxd5 Nxd5 7.d4 cxd4 8.Nxd4 
Nxd4 9.Qxd4 Qb6 10.Qxb6 axb6 11.Nd2 Bd7 12.Bxd5 exd5 13.Nf3 Bc5 14.Rd1 O-O
15.Rxd5 Be6 16.Rd1 Rxa2 17.Rxa2 Bxa2 {[Partida tipeada y digitalizada por 
Ernesto Solana (21-09-2016, Canarias, ESP) de la fuente primaria: BOLETN 
OFICIAL DEL I TORNEO INTERNACIONAL DE AJEDREZ CIUDAD DE ARRECIFE DE 
LANZAROTE. (1973, partida nmero 18, pgina 6). Federacin Provincial de 
Ajedrez de Gran Canaria. Espaa. ]} 1/2-1/2

[Event "1st Lanzarote it"]
[Site "Lanzarote ESP"]
[Date "1973.04.28"]
[Round "5"]
[White "Huguet, Bernard"]
[Black "Ljubojevic, Ljubomir"]
[Result "0-1"]
[WhiteElo "2255"]
[BlackElo "2550"]
[EventDate "1973.04.24"]
[PlyCount "74"]

1.e4 c5 2.Nf3 a6 3.c4 e6 4.g3 Qc7 5.d4 cxd4 6.Nxd4 Nf6 7.Nc2 {[Ernesto 
Solana (21-09-2016): Resulta un "misterio" el por qu Huguet ofreci el 
importante pen central... y por qu Ljubojevic no lo captur. ]} 7...Bd6 8.
Nc3 Be5 9.Nd4 Qb6 10.Be3 Qxb2 11.Rc1 Nc6 12.Rc2 Qb4 13.Bg2 Ng4 14.Qxg4 
Nxd4 15.Rc1 Nb5 16.cxb5 Bxc3+ 17.Kf1 axb5 18.Bf3 O-O 19.Kg2 Rxa2 20.Rhd1 
d6 21.Rxc3 Qxc3 22.Bd4 Qxd4 23.Rxd4 e5 24.Qh5 g6 25.Qg5 exd4 26.h4 Be6 27.
Qf6 Rc8 28.g4 h6 29.h5 gxh5 30.gxh5 Kh7 31.e5 Rg8+ 32.Kh1 d5 33.Kh2 Rxf2+ 
34.Kh1 Bg4 35.Qxf7+ Rg7 36.Be4+ dxe4 37.Qxf2 Bf3+ {[RR: En el Boletn 
Oficial del Torneo los colores de los jugadores estn invertidos en esta 
partida. Se hizo la correccin pertinente. ] [Partida tipeada y 
digitalizada por Ernesto Solana (21-09-2016, Canarias, ESP) de la fuente 
primaria: BOLETN OFICIAL DEL I TORNEO INTERNACIONAL DE AJEDREZ CIUDAD DE 
ARRECIFE DE LANZAROTE. (1973, partida nmero 25, pginas 7 y 8). Federacin 
Provincial de Ajedrez de Gran Canaria. Espaa. ]} 0-1